| 000 | 00431nam a2200181Ia 4500 | ||
|---|---|---|---|
| 008 | 230524s9999 xx 000 0 und d | ||
| 020 | _a9780074638057 | ||
| 082 |
_a658.45 _bPAN |
||
| 100 | _aI M.Pandey | ||
| 245 | 0 | _aCases in Financial Management | |
| 250 | _a9TH | ||
| 260 |
_aNEW DELHI _bTMH _c2008 |
||
| 300 | _aXIX;719 | ||
| 500 | _aQuantity Number: 5 | ||
| 650 | _aManagement | ||
| 700 | _a Ramesh Bhat | ||
| 942 | _cBK | ||
| 999 |
_c41904 _d41904 |
||